000 00344nam a2200133Ia 4500
008 240624s9999 xx 000 0 und d
041 _aeng
082 _a658.406 HEL
100 _aHELFAT CONSTANCE E
245 _aDYNAMIC CAPABILITIES UNDERSTANDING STRAT
260 _c2007
_aSydney
_bJohn Wiley and Sons
300 _a147 : p.
365 _c
_b30
999 _c15175
_d15175